La historia y las ciencias humanas: didáctica y técnicas de estudio

Guardat en:
Dades bibliogràfiques
Autors principals: Martínez Ruiz, Enrique (autor), Maqueda Abreu, Consueldo (Autor)
Format: Llibre
Idioma:espanyol
Publicat: Madrid Istmo 1989
Col·lecció:Fundamentos, 103
Matèries:
Etiquetes: Afegir etiqueta
Sense etiquetes, Sigues el primer a etiquetar aquest registre!

MARC

LEADER 00000nam a2200000 a 4500
001 UCS6242
003 CL-VaPUC
008 970917e19890000SP |||||||||||||||||spa|d
082 0 4 |a 907  |b MAR  |2 21 
100 |a Martínez Ruiz, Enrique  |e autor  |9 547756 
700 0 |a Maqueda Abreu, Consueldo  |e author  |9 391830 
245 1 3 |a La historia y las ciencias humanas: didáctica y técnicas de estudio 
300 |a 324 p 
942 |c BK 
945 |d 19970917 00:00:00  |a rleighto 
260 |a Madrid  |b Istmo  |c 1989 
650 0 |a Historia  |9 255047 
650 7 |a CIENCIAS HUMANAS  |2 CL-VaPUC  |9 351082 
650 0 |a Métodos de estudio  |9 260518 
650 0 |a Enseñanza de las ciencias  |9 331919 
650 0 |a Métodos de estudio  |9 260518 
650 7 |a GRUPOS DE TRABAJO  |2 CL-VaPUC  |9 263151 
583 |a last modification  |c 19970917 00:00:00  |k Rodrigo Vera 
490 0 |a Fundamentos, 103 
999 |c 262189  |d 262187 
952 |0 0  |1 0  |4 0  |6 907_000000000000000_MAR_1989  |7 0  |8 A  |9 290423  |a BIBHIS  |b BIBHIS  |d 2019-11-19  |i 3344916  |o 907 MAR 1989  |p 3344916  |r 2025-01-20  |w 2019-11-19  |y BK  |k HIS